[Event "Ricany op 20th"]
[Site "Ricany"]
[Date "2022.09.01"]
[Round "7"]
[White "Hampel, Rudolf"]
[Black "Cabart, Pavel"]
[Result "1-0"]
[WhiteElo "1597"]
[BlackElo "1757"]
[PlyCount "51"]
[EventDate "2022.08.27"]
[EventType "swiss"]
[EventRounds "9"]
[EventCountry "CZE"]
[SourceTitle "CBM 210 Extra"]
[Source "ChessBase"]
[SourceDate "2022.11.30"]
[SourceVersion "1"]
[SourceVersionDate "2022.11.30"]
[SourceQuality "1"]

1. e4 c5 2. Nf3 Nc6 3. d4 cxd4 4. Nxd4 g6 5. Nc3 Bg7 6. Be3 Nf6 7. Be2 0-0 8. 0-0 d5 9. Nxc6 bxc6 10. e5 Nd7 11. f4 e6 12. Na4 Qa5 13. c4 Ba6 14. Rc1 f6 15. exf6 Bxf6 16. b3 Bb7 17. Bd4 c5 18. Bxf6 Rxf6 19. Bf3 Rxf4 20. cxd5 e5 21. Bg4 Rd4 22. Be6+ Kh8 23. Qf3 Rf4 24. Qg3 Qb5 25. Rxf4 exf4 26. Qc3+ 1-0

[Event "Prague Menchik Memorial rapid"]
[Site "Prague"]
[Date "2019.06.09"]
[Round "1"]
[White "Richtrova, Eliska"]
[Black "Cabart, Pavel"]
[Result "1-0"]
[WhiteElo "2191"]
[BlackElo "1741"]
[PlyCount "62"]
[EventDate "2019.06.09"]
[EventType "swiss (rapid)"]
[EventRounds "9"]
[EventCountry "CSR"]
[SourceTitle "CBM 190 Extra"]
[Source "ChessBase"]
[SourceDate "2019.07.15"]
[SourceVersion "1"]
[SourceVersionDate "2019.07.15"]
[SourceQuality "1"]

1. e4 c5 2. Nc3 a6 3. g3 b5 4. Bg2 Bb7 5. d3 e6 6. f4 Nf6 7. Nf3 d5 8. e5 Nfd7 9. 0-0 Nc6 10. Ne2 Be7 11. Be3 0-0 12. Bf2 Nb6 13. g4 d4 14. Qd2 Nd5 15. Ng3 f6 16. Rae1 Qd7 17. f5 fxe5 18. Nxe5 Nxe5 19. Rxe5 exf5 20. Rxf5 Rxf5 21. Nxf5 Rf8 22. h3 Bd6 23. Qg5 Bf4 24. Bxd5+ Bxd5 25. Qxf4 g6 26. Bxd4 gxf5 27. Qg5+ Kf7 28. Rxf5+ Ke8 29. Re5+ Be6 30. Bxc5 Rg8 31. Qf6 Rh8 1-0

[Event "Ricany op-A"]
[Site "Ricany"]
[Date "2018.08.27"]
[Round "4"]
[White "Havelka, Petr"]
[Black "Cabart, Pavel"]
[Result "1/2-1/2"]
[WhiteElo "1847"]
[BlackElo "1746"]
[PlyCount "70"]
[EventDate "2018.08.25"]
[EventType "swiss"]
[EventRounds "9"]
[EventCountry "CZE"]
[SourceTitle "EXT 2019"]
[Source "ChessBase"]
[SourceDate "2018.10.10"]
[SourceVersion "1"]
[SourceVersionDate "2018.10.10"]
[SourceQuality "1"]

1. d4 Nf6 2. c4 e5 3. dxe5 Ng4 4. Nf3 Bc5 5. e3 Nc6 6. a3 a5 7. Be2 0-0 8. 0-0 Re8 9. b3 Ngxe5 10. Bb2 Nxf3+ 11. Bxf3 Ne5 12. Nc3 Ra6 13. Nd5 Rh6 14. g3 c6 15. Nf4 Nxf3+ 16. Qxf3 d6 17. Nd3 Qg5 18. Nxc5 dxc5 19. Qf4 Qh5 20. h4 f6 21. Kg2 g5 22. Qc7 gxh4 23. Rh1 h3+ 24. Kf1 Qf3 25. Rh2 Bg4 26. Qf4 Qe2+ 27. Kg1 Qxb2 28. Qxg4+ Rg6 29. Qd1 Rh6 30. Rb1 Qe5 31. Rxh3 Rxh3 32. Qg4+ Kh8 33. Qxh3 Rd8 34. Qg4 Rg8 35. Qf3 Rd8 1/2-1/2

[Event "Prague Golden op 13th"]
[Site "Prague"]
[Date "2017.07.03"]
[Round "3"]
[White "Cabart, Pavel"]
[Black "Koper, Stefan"]
[Result "0-1"]
[WhiteElo "1712"]
[BlackElo "1931"]
[PlyCount "135"]
[EventDate "2017.07.01"]
[EventType "swiss"]
[EventRounds "9"]
[EventCountry "CZE"]
[SourceTitle "CBM 179 Extra"]
[Source "ChessBase"]
[SourceDate "2017.08.23"]
[SourceVersion "1"]
[SourceVersionDate "2017.08.23"]
[SourceQuality "1"]

1. e4 c5 2. Nf3 d6 3. d4 cxd4 4. Nxd4 Nf6 5. Nc3 e5 6. Nb3 Be6 7. f3 a6 8. Be3 Nbd7 9. Qd2 b5 10. g4 Be7 11. g5 Nh5 12. 0-0-0 Nb6 13. Kb1 Bc4 14. Qf2 Nd7 15. Nd5 Bxd5 16. Rxd5 0-0 17. h4 f5 18. exf5 Rxf5 19. Bh3 Rf8 20. Bg4 Nf4 21. Bxf4 Rxf4 22. Rhd1 Qb6 23. Qe2 Nf8 24. Nd4 g6 25. Ne6 Rxg4 26. Nxf8 Rxh4 27. Nd7 Qc6 28. Nxe5 dxe5 29. Qxe5 Rf8 30. a3 Rhf4 31. Qxe7 Rxf3 32. Rd8 Qc4 33. Rxf8+ Rxf8 34. b3 Qf7 35. Qe5 Qf5 36. Qe7 Qf7 37. Qe5 Re8 38. Qd6 Qe6 39. Qh2 Qe5 40. Qd2 Qf5 41. Qg2 Qc5 42. Kb2 Qe5+ 43. Ka2 Rc8 44. Rd7 Qf5 45. Rd2 a5 46. Kb1 Qe5 47. Qd5+ Qxd5 48. Rxd5 Rb8 49. Rd7 b4 50. Ra7 Rb5 51. Ra8+ Kf7 52. Ra7+ Ke6 53. Rxh7 Rxg5 54. axb4 axb4 55. Rh4 Rb5 56. Kb2 g5 57. Rh8 g4 58. Rg8 Kf5 59. c4 Re5 60. Kc2 Re3 61. Rf8+ Kg5 62. Rg8+ Kh4 63. Rh8+ Kg3 64. Rg8 Kh3 65. Rh8+ Kg2 66. Rh5 g3 67. c5 Kf2 68. Rg5 0-1

[Event "Ricany op"]
[Site "Ricany"]
[Date "2015.08.26"]
[Round "6"]
[White "Cabart, Pavel"]
[Black "Petras, Milan"]
[Result "0-1"]
[WhiteElo "1704"]
[BlackElo "1968"]
[PlyCount "128"]
[EventDate "2015.08.22"]
[EventType "swiss"]
[EventRounds "9"]
[EventCountry "CZE"]
[SourceTitle "EXT 2023"]
[Source "ChessBase"]
[SourceDate "2022.10.05"]
[SourceVersion "1"]
[SourceVersionDate "2022.10.05"]
[SourceQuality "1"]

1. e4 e6 2. Nf3 d5 3. Nc3 c5 4. Bb5+ Nc6 5. exd5 exd5 6. Qe2+ Be7 7. d4 Be6 8. dxc5 Bxc5 9. Be3 Bxe3 10. Qxe3 Nf6 11. Nd4 Qd7 12. 0-0-0 0-0 13. h3 Qd6 14. f4 Rfe8 15. Qf2 a6 16. Nxc6 bxc6 17. Ba4 Rab8 18. f5 Bd7 19. g4 Ne4 20. Nxe4 Rxe4 21. Bb3 Rbe8 22. Qb6 Bc8 23. Kb1 Qd7 24. Qf2 Qe7 25. a3 h6 26. Rhg1 a5 27. a4 f6 28. h4 Qe5 29. Qc5 Bd7 30. Qxa5 h5 31. gxh5 Bxf5 32. h6 Bg4 33. Qa7 Qe7 34. Qb6 g6 35. Rdf1 Qe6 36. Qb7 Re7 37. Qa8+ Kh7 38. Qf8 Rf7 39. Qd8 Bh5 40. a5 Qe7 41. Qb6 Be2 42. Re1 Re6 43. a6 f5 44. h5 gxh5 45. Qb8 Kxh6 46. Qf4+ Kh7 47. Rg5 Bg4 48. Rxe6 Qxe6 49. Qb8 Re7 50. Qb6 Kh6 51. a7 Qe1+ 52. Ka2 Rxa7+ 53. Qxa7 Kxg5 54. Qg7+ Kf4 55. Qc7+ Qe5 56. Qxc6 Bf3 57. Qh6+ Kg4 58. Qg6+ Kh3 59. Qg1 h4 60. Qf1+ Bg2 61. Qd3+ Kh2 62. c4 dxc4 63. Qxc4 h3 64. Qd3 Qa5+ 0-1

[Event "Ricany op"]
[Site "Ricany"]
[Date "2015.08.25"]
[Round "5"]
[White "Pribyl, Jaroslav1111"]
[Black "Cabart, Pavel"]
[Result "1/2-1/2"]
[WhiteElo "1928"]
[BlackElo "1704"]
[PlyCount "105"]
[EventDate "2015.08.22"]
[EventType "swiss"]
[EventRounds "9"]
[EventCountry "CZE"]
[SourceTitle "EXT 2023"]
[Source "ChessBase"]
[SourceDate "2022.10.05"]
[SourceVersion "1"]
[SourceVersionDate "2022.10.05"]
[SourceQuality "1"]

1. d4 Nf6 2. Nf3 g6 3. c4 Bg7 4. Nc3 0-0 5. e4 d6 6. Be2 e5 7. dxe5 dxe5 8. Qxd8 Rxd8 9. Bg5 Re8 10. 0-0 c6 11. c5 Bg4 12. h3 Bxf3 13. Bxf3 Na6 14. Be3 Nc7 15. Rfd1 Rad8 16. Rd6 Ne6 17. Rad1 Bf8 18. Rxd8 Rxd8 19. Rxd8 Nxd8 20. b4 Ne6 21. Ne2 a5 22. a3 axb4 23. axb4 h5 24. g3 Kh7 25. Bg2 Bh6 26. f4 h4 27. Kf2 hxg3+ 28. Kxg3 Nh5+ 29. Kf3 Nhxf4 30. Nxf4 Bxf4 31. Bxf4 Nxf4 32. Bf1 f5 33. Ke3 Kh6 34. Bc4 Kh5 35. Bf7 Kh4 36. Be8 Ne6 37. Bxg6 f4+ 38. Kf2 Ng5 39. Bf5 Nxh3+ 40. Kg2 Ng5 41. Bc8 Nxe4 42. Bxb7 Kg4 43. Bxc6 f3+ 44. Kf1 Ng3+ 45. Ke1 e4 46. b5 e3 47. Bxf3+ Kxf3 48. b6 Ne4 49. b7 Nxc5 50. b8Q Nd3+ 51. Kd1 e2+ 52. Kd2 e1Q+ 53. Kxd3 1/2-1/2

[Event "Prague op-B 13th"]
[Site "Prague"]
[Date "2014.??.??"]
[Round "7"]
[White "Chudinovskikh, Alexander M"]
[Black "Cabart, Pavel"]
[Result "1-0"]
[WhiteElo "1689"]
[BlackElo "1797"]
[PlyCount "85"]
[EventDate "2014.01.10"]
[EventType "swiss"]
[EventRounds "9"]
[EventCountry "CZE"]
[SourceTitle "CBM 158 Extra"]
[Source "ChessBase"]
[SourceDate "2014.02.28"]
[SourceVersion "1"]
[SourceVersionDate "2014.02.28"]
[SourceQuality "1"]

1. e4 c5 2. d4 cxd4 3. c3 dxc3 4. Nxc3 Nc6 5. Nf3 d6 6. Bc4 a6 7. Qe2 e6 8. 0-0 Be7 9. Rd1 Qc7 10. Bf4 Nf6 11. e5 dxe5 12. Nxe5 Nxe5 13. Bxe5 Qc6 14. Nb5 0-0 15. Nc7 Ra7 16. Rac1 Qe4 17. Bd4 Qxe2 18. Bxe2 b6 19. Bxb6 Rb7 20. Bd4 a5 21. Na6 Nd5 22. Nc5 Rb4 23. a3 Rb8 24. Be5 Rb6 25. Na4 Rd6 26. Bxd6 Bxd6 27. Nb6 Bb7 28. Nxd5 Bxd5 29. Bc4 Bf4 30. Rc2 Be4 31. Re2 Bc6 32. b3 h5 33. Ree1 Rb8 34. Rd4 g5 35. Red1 Bc7 36. R4d2 Bf4 37. Rd8+ Kg7 38. Rxb8 Bxb8 39. Rd8 Be5 40. Rc8 Bd7 41. Rc5 Bc3 42. Rxg5+ Kh6 43. Rc5 1-0